00773 2200193 4500001002100000005001500021035002000036008004100056245003100097100001900128250000600147260002800153300001200181084001400193082000800207650001000215520034200225990001200567INLIS00000000000100920240528110135 a0010-0524000244240528 1 ind 1 aAishiteru /cKeisha Sarang aSarang, Keisha a1 aJakarta :bZettu,c2013 a260 hlm a813 KEI a a813 4aFiksi aAyo, gadis kampung yang menyikapi luka di masa kecil dengan menjual tawa menjadi Badut Fantasi sebuah Taman Hiburan. Tak peduli hatinya menangis, yang penting ia bisa menghibur orang dan mendapat uang, Namun di balik topengnya, ia bisa mencuri hati Kei, seorang fotografer hebat. Lalu nasib pun berkata lain, tiba-tiba Aya menjadi model. a0743986